1990s Oscar Best Supporting Actress Nominees - Statistics

General Stats
  • This quiz has been taken 243 times
  • The average score is 20 of 48
Answer Stats
Movie Actress % Correct
<b>Shakespeare in Love</b> Judi Dench
91%
Pulp Fiction Uma Thurman
86%
<b>Ghost</b> Whoopi Goldberg
86%
Sense and Sensibility Kate Winslet
82%
<b>L.A. Confidential</b> Kim Basinger
78%
Boogie Nights Julianne Moore
75%
<b>My Cousin Vinny</b> Marisa Tomei
74%
In the Name of the Father Emma Thompson
68%
Primary Colors Kathy Bates
68%
<b>The Piano</b> Anna Paquin
66%
Steel Magnolias Julia Roberts
66%
Good Will Huntin Minnie Driver
58%
<b>The English Patient</b> Juliette Binoche
57%
The Age of Innocence Winona Ryder
56%
The Firm Holly Hunter
55%
The Madness of King George Helen Mirren
54%
<b>Mighty Aphrodite</b> Mira Sorvino
53%
<b>Bullets over Broadway</b>, Parenthood Dianne Wiest
47%
Fried Green Tomatoes Jessica Tandy
46%
Cape Fear Juliette Lewis
45%
<b>My Left Foot</b> Brenda Fricker
38%
<b>The Fisher King</b> Mercedes Ruehl
36%
The Gifters Annette Bening
35%
The Crucible Joan Allen
35%
Nixon Joan Allen
35%
Husbands and Wives Judy Davis
35%
Enemies, A Love Story Anjelica Huston
34%
Goodfellas Lorraine Bracco
34%
In & Out Joan Cusack
33%
Titanic Gloria Stuart
30%
Gods and Monsters Lynn Redgrave
29%
Howards End Vanessa Redgrave
29%
Little Voice Brenda Blethyn
28%
Secrets & Lies Marianne Jean-Baptiste
28%
Dances with Wolves Mary McDonnell
28%
Bullets over Broadway Jennifer Tilly
25%
The Mirror Has Two Faces Lauren Bacall
25%
Rambling Rose, Wild at Heart Diane Ladd
24%
Damage Miranda Richardson
24%
Fearless Rosie Perez
19%
Apollo 13 Kathleen Quinlan
18%
The Portrait of a Lady Barbara Hershey
17%
Hilary and Jackie Rachel Griffiths
17%
Enchanted April Joan Plowright
16%
Tom & Viv Rosemary Harris
14%
The Prince of Tides Kate Nelligan
12%
Enemies, A Love Story Lena Olin
11%
Georgia Mare Winningham
8%
No matching quizzes found
Score Distribution
Percent of People with Each Score
Percentile by Number Answered
Your Score History
You have not taken this quiz